00533nam a2200181Ia 4500100001900000650002100019250000600040942000700046366000700053654002000060245003300080260003300113082001900146300000800165546001200173999001700185952014900202 aSeborg/Dale E  aProcess dynamics a2 cBK f20 aProcess control aProcess dynamics and control bWiley IndiaaNew Delhic2004 a003.3/SEBbSEB a712 aENGLISH c23221d23221 001040708CRCaCRCEbCRCEd2023-03-17eAne Books Indiag319.20i352 dt 27/03/2008l0o003.3/SEB SEBp18670r2023-03-17v399.00w0000-00-00yBK